000 00417nam a2200133Ia 4500
005 20260328101457.0
008 260328s9999||||xx |||||||||||||| ||und||
100 _aEsteva Loyola, Angel
245 0 _aAnálisis para Proyecto y Evaluación de Edificios y Otras Construcciónes /
_cAngel Esteva Loyola
260 _bInstituto Politécnico Nacional
300 _a388 p.
650 _aARQUITECTURA - ELEMENTOS
942 _cBK
999 _c8851
_d8851